000 00892nas a2200301 4500
001 BR2012007144
003 BR-BrBNA
005 20231205121221.0
007 ta
008 230509b bl.|||p| |||| 00| 00por d
040 _aBR-BrBNA
_bpor
_cBiblioteca Nacional de Agricultura
041 _a(Pt)
072 _aQ03; E70
100 1 _aSühnel, C.
100 1 _aCruz, F.A. da S.
100 1 _aBeirão, L.H.
245 1 _aSistema de gerenciamento da rastreabilidade para a cadeia produtiva da mitilicultura
650 _aCONSUMIDOR
650 _aMOLUSCO
650 _aCADEIA PRODUTIVA
650 _aQUALIDADE
650 _aRASTREAMENTO
650 _aGESTÃO
650 _aSEGURANÇA ALIMENTAR
773 0 _tBoletim do Instituto de Pesca (Brazil)
_xISSN 0046-9939
_g(2008), v. 34(4) p. 577-584
_wBR2012007144
909 _a202311
_bLúcia
_c55
_dLúcia Elande
942 _2AGRIS
_n0
_cANA
999 _c222381
_d222381